Countries with the highest infant mortality rate - Statistics

General Stats
  • This quiz has been taken 57 times
  • The average score is 7 of 10
Answer Stats
Rank Countries % Correct
7 Niger
85%
3 Somalia
81%
6 Chad
77%
2 Mali
73%
1 Afghanistan
71%
8 Angola
65%
9 Burkina Faso
65%
5 Guinea-Bissau
62%
10 Malawi
62%
4 Central African Republic
48%
No matching quizzes found
Score Distribution
Percent of People with Each Score
Percentile by Number Answered
Your Score History
You have not taken this quiz